[Event "31. Copenhagen Open Politiken Cup"]
[Site "Helsingør"]
[Date "2009.07.18"]
[Round "1.129"]
[White "Ostlund, Anders"]
[Black "Kyrkjebo, Erland"]
[Result "1/2-1/2"]
[WhiteElo "2067"]
[BlackElo "1364"]
[PlyCount "117"]
[EventDate "2009.07.18"]
[EventType "swiss"]
[EventRounds "9"]
[EventCountry "DEN"]
[Source "lmi"]
[SourceDate "2009.07.18"]
[WhiteTeam "Bollmora SK"]
[BlackTeam "Stavanger"]

1. e4 e5 2. Bc4 Nf6 3. d3 Bc5 4. Nf3 d6 5. c3 O-O 6. O-O Bg4 7. h3 Bh5 8. Nbd2
Nc6 9. b4 Bb6 10. Re1 a6 11. Qb3 Qd7 12. g4 Nxg4 13. hxg4 Qxg4+ 14. Kf1 Qh3+
15. Ke2 Qg2 16. Rf1 Kh8 17. Bd5 f5 18. b5 Na5 19. Qa4 fxe4 20. Bxe4 Rf4 21.
bxa6 bxa6 22. Qd7 Raf8 23. Ba3 R4f7 24. Qa4 g5 25. Bb4 g4 26. Bxa5 gxf3+ 27.
Ke1 Bxa5 28. Qxa5 Bg4 29. Qxa6 Bh3 30. Qa7 Qh2 31. a4 Bxf1 32. Nxf1 Qh1 33. Rb1
c6 34. Rb7 Rxb7 35. Qxb7 d5 36. Qe7 Qh6 37. Qxe5+ Kg8 38. Bxd5+ cxd5 39. Qxd5+
Kh8 40. Ne3 Qh1+ 41. Kd2 Qg1 42. Qe5+ Qg7 43. Qb5 Rc8 44. Qb4 h5 45. a5 Qf6 46.
Nd5 Qg5+ 47. Ne3 Re8 48. Qd4+ Qe5 49. Qb6 Rb8 50. Qh6+ Kg8 51. Qg6+ Kf8 52.
Qh6+ Ke8 53. Qg6+ Kd8 54. Qg8+ Kd7 55. Qf7+ Kc8 56. Qf8+ Kd7 57. Qf7+ Kc8 58.
Qf8+ Kd7 59. Qf7+ 1/2-1/2

[Event "31. Copenhagen Open Politiken Cup"]
[Site "Helsingør"]
[Date "2009.07.18"]
[Round "1.130"]
[White "Bratteteig, Tore Inge"]
[Black "Pedersen, Jan Kaas"]
[Result "0-1"]
[WhiteElo "1309"]
[BlackElo "2065"]
[PlyCount "96"]
[EventDate "2009.07.18"]
[EventType "swiss"]
[EventRounds "9"]
[EventCountry "DEN"]
[Source "lmi"]
[SourceDate "2009.07.18"]
[WhiteTeam "Masfjorden"]
[BlackTeam "Nr. Aaby"]

1. d4 d5 2. c4 c6 3. Nf3 Nf6 4. Nc3 dxc4 5. a4 Bf5 6. e3 e6 7. Bxc4 Nbd7 8. O-O
Be7 9. h3 O-O 10. Bd3 Bxd3 11. Qxd3 Qc7 12. e4 e5 13. Bg5 exd4 14. Qxd4 Rfe8
15. Bh4 Rad8 16. Bg3 Qxg3 17. fxg3 Bc5 18. Qxc5 Nxc5 19. e5 Nfe4 20. Nxe4 Nxe4
21. Kh2 Nd2 22. Rfe1 Nxf3+ 23. gxf3 Rd2+ 24. Kg1 Rxb2 25. f4 Rd8 26. Red1 Rdd2
27. Rab1 Rxb1 28. Rxb1 Rd7 29. Kf2 Kf8 30. Ke3 Ke7 31. f5 b6 32. g4 Rd5 33. Ke4
Rc5 34. Rd1 Rc4+ 35. Rd4 Rc3 36. Rd3 Rc1 37. Ra3 Rc4+ 38. Kd3 Rb4 39. Kc3 c5
40. Kd3 Kd7 41. Ke3 a6 42. Rd3+ Kc7 43. Ra3 Kc6 44. Rd3 Rxa4 45. Rd8 Rd4 46.
Rxd4 cxd4+ 47. Kxd4 a5 48. Kc3 Kd5 0-1

[Event "31. Copenhagen Open Politiken Cup"]
[Site "Helsingør"]
[Date "2009.07.18"]
[Round "1.131"]
[White "Strand, Haakon"]
[Black "Rasmussen, Emil Wulff"]
[Result "1-0"]
[WhiteElo "2062"]
[BlackElo "1303"]
[PlyCount "77"]
[EventDate "2009.07.18"]
[EventType "swiss"]
[EventRounds "9"]
[EventCountry "DEN"]
[Source "lmi"]
[SourceDate "2009.07.18"]
[WhiteTeam "Stavanger"]
[BlackTeam "Taastrup"]

1. e4 c6 2. d4 d5 3. exd5 cxd5 4. c4 e6 5. Nf3 Nc6 6. Nc3 Nf6 7. Bg5 Be7 8. Bd3
dxc4 9. Bxc4 O-O 10. O-O Nd5 11. Bxe7 Ncxe7 12. Bd3 b6 13. Rc1 Bb7 14. Bb1 Ng6
15. Re1 Ndf4 16. Be4 Bxe4 17. Rxe4 Nd5 18. h4 Nxc3 19. bxc3 Qd5 20. Qe2 Rac8
21. c4 Qd6 22. Qe3 Rfe8 23. d5 b5 24. dxe6 Rxe6 25. Rxe6 Qxe6 26. Qxe6 fxe6 27.
c5 Nf4 28. Rc2 Nd3 29. c6 a6 30. a3 e5 31. Rc3 Nf4 32. Kf1 Nd5 33. Rc5 e4 34.
Ne5 Ne7 35. c7 a5 36. Nd7 b4 37. axb4 axb4 38. Nb6 Ra8 39. Nxa8 1-0

[Event "31. Copenhagen Open Politiken Cup"]
[Site "Helsingør"]
[Date "2009.07.18"]
[Round "1.132"]
[White "Edvardsson, Hannu K"]
[Black "Petersen, Nils"]
[Result "0-1"]
[WhiteElo "1300"]
[BlackElo "2060"]
[PlyCount "118"]
[EventDate "2009.07.18"]
[EventType "swiss"]
[EventRounds "9"]
[EventCountry "DEN"]
[Source "lmi"]
[SourceDate "2009.07.18"]
[BlackTeam "Øbro"]

1. e4 c5 2. c4 Nc6 3. Nf3 g6 4. Nc3 Bg7 5. Be2 a6 6. O-O e6 7. d3 Nge7 8. Be3
Nd4 9. Bxd4 cxd4 10. Nb1 O-O 11. Nbd2 d5 12. cxd5 exd5 13. exd5 Nxd5 14. g3 Bh3
15. Re1 b5 16. Bf1 Bxf1 17. Kxf1 Nc7 18. Rc1 Ne6 19. Kg2 Rc8 20. Rxc8 Qxc8 21.
Qc1 Qb7 22. Kg1 Rc8 23. Qb1 Qc7 24. Nb3 Qc2 25. Qxc2 Rxc2 26. Rb1 Kf8 27. Ne1
Rc7 28. Rc1 Rxc1 29. Nxc1 Ke7 30. Nb3 Kd6 31. Nf3 Kd5 32. Kf1 f5 33. Nfd2 g5
34. f3 Be5 35. Kg2 Bc7 36. Nc1 a5 37. a3 a4 38. Na2 Ba5 39. Nb4+ Bxb4 40. axb4
Nd8 41. Kf1 Nc6 42. Ke2 Nxb4 43. Nb1 Nc2 44. Kd2 Ne3 45. Ke2 b4 46. h3 h5 47.
g4 hxg4 48. hxg4 fxg4 49. fxg4 Nxg4 50. Nd2 a3 51. bxa3 bxa3 52. Nb3 Ne5 53.
Na1 a2 54. Nb3 g4 55. Na1 g3 56. Nb3 Nxd3 57. Kf3 Kc4 58. Na1 Kc3 59. Kxg3 Kb2
0-1

[Event "31. Copenhagen Open Politiken Cup"]
[Site "Helsingør"]
[Date "2009.07.18"]
[Round "1.133"]
[White "Jensen, Soren Holm"]
[Black "Jensen, Jonbert M.S"]
[Result "1-0"]
[WhiteElo "2054"]
[BlackElo "1294"]
[PlyCount "75"]
[EventDate "2009.07.18"]
[EventType "swiss"]
[EventRounds "9"]
[EventCountry "DEN"]
[Source "lmi"]
[SourceDate "2009.07.18"]
[WhiteTeam "Brønshøj"]
[BlackTeam "AS04"]

1. e4 e5 2. Nf3 d6 3. d4 exd4 4. Nxd4 Nf6 5. Nc3 Bd7 6. Bf4 Nc6 7. Bb5 Ne5 8.
Bxd7+ Qxd7 9. h3 Nc6 10. O-O g6 11. Re1 O-O-O 12. Nxc6 Qxc6 13. Nd5 Nxd5 14.
exd5 Qd7 15. Qd4 f6 16. Qxa7 Qb5 17. Qd4 Bg7 18. Re7 Rd7 19. a4 Qa6 20. Rae1 c5
21. dxc6 Qxc6 22. R1e3 Kb8 23. Rxd7 Qxd7 24. Bxd6+ Ka8 25. Qc5 Qc6 26. Qa5+ Qa6
27. Qxa6+ bxa6 28. Re7 Bh6 29. c4 Bc1 30. b3 f5 31. Kf1 h5 32. h4 Bd2 33. g3
Rg8 34. Ke2 Ba5 35. Kd3 Rd8 36. c5 Rg8 37. Kc4 Bd8 38. Rf7 1-0

[Event "31. Copenhagen Open Politiken Cup"]
[Site "Helsingør"]
[Date "2009.07.18"]
[Round "1.134"]
[White "Seirup, Simon"]
[Black "Harstad, Christian"]
[Result "0-1"]
[WhiteElo "1288"]
[BlackElo "2052"]
[PlyCount "40"]
[EventDate "2009.07.18"]
[EventType "swiss"]
[EventRounds "9"]
[EventCountry "DEN"]
[Source "lmi"]
[SourceDate "2009.07.18"]
[WhiteTeam "Tornved"]
[BlackTeam "Oslo"]

1. e4 e5 2. f4 exf4 3. Nf3 g5 4. h4 g4 5. Ne5 Nf6 6. Nc3 d6 7. Nd3 Bh6 8. Be2
Rg8 9. Rf1 Nh5 10. Nf2 Qxh4 11. d4 Ng3 12. Rg1 Qh2 13. Kd2 f3+ 14. Kd3 fxe2 15.
Nxe2 Bxc1 16. Rxc1 Nc6 17. Qd2 Nxe2 18. Qxe2 Qg3+ 19. Kd2 Nxd4 20. Qe1 Be6 0-1

[Event "31. Copenhagen Open Politiken Cup"]
[Site "Helsingør"]
[Date "2009.07.18"]
[Round "1.135"]
[White "Rostgaard, Tobias Valentin"]
[Black "Brauner, Benjamin"]
[Result "1-0"]
[WhiteElo "2051"]
[BlackElo "1271"]
[PlyCount "87"]
[EventDate "2009.07.18"]
[EventType "swiss"]
[EventRounds "9"]
[EventCountry "DEN"]
[Source "lmi"]
[SourceDate "2009.07.18"]
[WhiteTeam "Mårslet"]
[BlackTeam "BMS"]

1. e4 e5 2. Nf3 Nc6 3. Bc4 Bc5 4. O-O Nf6 5. d3 h6 6. c3 O-O 7. d4 exd4 8. cxd4
Bb6 9. e5 Nh7 10. Nc3 d6 11. h3 Bf5 12. Bf4 dxe5 13. dxe5 Qe7 14. Nd5 Qd7 15.
Nxb6 Qxd1 16. Rfxd1 cxb6 17. Rac1 Rfe8 18. a3 Nf8 19. Bd5 Rac8 20. b4 Ng6 21.
Bg3 Red8 22. Bb3 a5 23. b5 Na7 24. a4 Rxc1 25. Rxc1 Nc8 26. Rd1 Rxd1+ 27. Bxd1
Nce7 28. Nd4 Be4 29. Bb3 Nd5 30. f3 Nc3 31. fxe4 Nxe4 32. Bh2 Kf8 33. e6 fxe6
34. Nxe6+ Ke7 35. Nxg7 Kf6 36. Ne6 Nd2 37. Nd4 Nxb3 38. Nxb3 Ke6 39. Bc7 Kd5
40. Bxb6 Kc4 41. Nxa5+ Kb4 42. Nxb7 Kxa4 43. Nd6 Ne5 44. Bc7 1-0

[Event "31. Copenhagen Open Politiken Cup"]
[Site "Helsingør"]
[Date "2009.07.18"]
[Round "1.136"]
[White "Svensson, Paula"]
[Black "Ramme, Christoph"]
[Result "0-1"]
[WhiteElo "1269"]
[BlackElo "2048"]
[PlyCount "72"]
[EventDate "2009.07.18"]
[EventType "swiss"]
[EventRounds "9"]
[EventCountry "DEN"]
[Source "lmi"]
[SourceDate "2009.07.18"]
[WhiteTeam "Harplinge"]

1. e4 c5 2. Nf3 d6 3. d4 cxd4 4. Nxd4 Nf6 5. Nc3 g6 6. h3 Bg7 7. Be2 O-O 8. O-O
Nc6 9. Nf3 Bd7 10. Nd5 Nxe4 11. Ng5 Nf6 12. Nf4 Rc8 13. c3 Ne5 14. Nf3 Nxf3+
15. Bxf3 Bc6 16. Nd5 Nxd5 17. Bxd5 Bxd5 18. Qxd5 Qc7 19. Be3 a6 20. Rad1 Qc6
21. Qd2 b5 22. a3 Rcd8 23. Rfe1 e6 24. Qc1 d5 25. Re2 Rb8 26. Bf4 Rb7 27. Rdd2
a5 28. Rc2 Re8 29. b4 Qa6 30. bxa5 Qxa5 31. Bd6 Rc8 32. Bb4 Qa6 33. Qe3 Rbc7
34. Qd3 Rc4 35. Qg3 Qc6 36. Ba5 Bxc3 0-1

[Event "31. Copenhagen Open Politiken Cup"]
[Site "Helsingør"]
[Date "2009.07.18"]
[Round "1.137"]
[White "Carnstam, Tomas"]
[Black "Fyhn, Thomas Rossander"]
[Result "1-0"]
[WhiteElo "2047"]
[BlackElo "1256"]
[PlyCount "51"]
[EventDate "2009.07.18"]
[EventType "swiss"]
[EventRounds "9"]
[EventCountry "DEN"]
[Source "lmi"]
[SourceDate "2009.07.18"]
[WhiteTeam "LASK"]
[BlackTeam "Tornved"]

1. d4 Nf6 2. c4 d6 3. Nc3 g6 4. e4 Nbd7 5. f4 c5 6. d5 Bg7 7. Nf3 O-O 8. Bd3
Re8 9. O-O a6 10. Kh1 Nf8 11. e5 Ng4 12. h3 Nh6 13. g4 f5 14. g5 Nf7 15. e6 Nh8
16. Bd2 b6 17. Qb3 a5 18. Na4 Ra6 19. Qb5 Bb7 20. Kg2 Bd4 21. Nxd4 cxd4 22. Kg3
Qb8 23. Be1 Ra8 24. Qxb6 Ba6 25. Qxd4 Qa7 26. Nb6 1-0

[Event "31. Copenhagen Open Politiken Cup"]
[Site "Helsingør"]
[Date "2009.07.18"]
[Round "1.138"]
[White "Mølvig, Julius"]
[Black "Lund, Per"]
[Result "0-1"]
[WhiteElo "1256"]
[BlackElo "2047"]
[PlyCount "82"]
[EventDate "2009.07.18"]
[EventType "swiss"]
[EventRounds "9"]
[EventCountry "DEN"]
[Source "lmi"]
[SourceDate "2009.07.18"]
[WhiteTeam "Skovbo"]
[BlackTeam "Frederikssund"]

1. d4 d5 2. c4 e6 3. Nc3 Nf6 4. Nf3 Nbd7 5. c5 c6 6. Bf4 Be7 7. e3 O-O 8. Bd3
a5 9. a3 Re8 10. O-O Nf8 11. Qc2 Nh5 12. Rfe1 Nxf4 13. exf4 Qc7 14. f5 Bf6 15.
fxe6 Bxe6 16. Bf5 b6 17. cxb6 Qxb6 18. Na4 Bxf5 19. Qxf5 Qb3 20. Nc5 Rxe1+ 21.
Rxe1 Qxb2 22. Qd3 Rb8 23. h3 g6 24. Ne5 Bxe5 25. Rxe5 Qb1+ 26. Qxb1 Rxb1+ 27.
Kh2 Rd1 28. Re8 Kg7 29. Nb3 a4 30. Na5 Rxd4 31. Nxc6 Rd3 32. Nb4 Rb3 33. Na2
Ne6 34. Ra8 Rxa3 35. Nb4 Nc5 36. Ra5 Ne4 37. f3 Nc3 38. g4 Rb3 39. Nd3 a3 40.
Nc1 Rb1 41. Rxa3 Rxc1 0-1

[Event "31. Copenhagen Open Politiken Cup"]
[Site "Helsingør"]
[Date "2009.07.18"]
[Round "1.139"]
[White "Brendel, Bergit"]
[Black "Vestergaard, Johannes"]
[Result "1-0"]
[WhiteElo "2046"]
[BlackElo "1248"]
[PlyCount "43"]
[EventDate "2009.07.18"]
[EventType "swiss"]
[EventRounds "9"]
[EventCountry "DEN"]
[Source "lmi"]
[SourceDate "2009.07.18"]
[BlackTeam "Morsø"]

1. e4 e5 2. Nf3 Nc6 3. Bc4 Be7 4. d4 d6 5. dxe5 dxe5 6. Qxd8+ Bxd8 7. Nc3 h6 8.
Bb5 f6 9. Be3 Nge7 10. Nd5 Bd7 11. O-O-O a6 12. Ba4 Nb8 13. Bb3 Nxd5 14. Bxd5
Bc6 15. Nh4 Bxd5 16. Rxd5 Nc6 17. Ng6 Rg8 18. f4 exf4 19. Nxf4 Be7 20. Rhd1 Rd8
21. Ne6 Bd6 22. Nxd8 1-0

[Event "31. Copenhagen Open Politiken Cup"]
[Site "Helsingør"]
[Date "2009.07.18"]
[Round "1.141"]
[White "Jensen, Michael Agermose"]
[Black "Rasmussen, Jonas H"]
[Result "1-0"]
[WhiteElo "2044"]
[BlackElo "1177"]
[PlyCount "39"]
[EventDate "2009.07.18"]
[EventType "swiss"]
[EventRounds "9"]
[EventCountry "DEN"]
[Source "lmi"]
[SourceDate "2009.07.18"]
[WhiteTeam "FREM"]
[BlackTeam "Bergen"]

1. e4 e5 2. f4 d5 3. exd5 exf4 4. Nf3 Nf6 5. Bc4 Nxd5 6. O-O Be7 7. Bxd5 Qxd5
8. d4 O-O 9. Bxf4 Bg4 10. Nc3 Qd7 11. Qd2 Bxf3 12. Rxf3 c5 13. d5 Bd6 14. Bxd6
Qxd6 15. Ne4 Qb6 16. Rb3 Qc7 17. Nf6+ Kh8 18. Rh3 h6 19. Rxh6+ gxh6 20. Qxh6#
1-0

[Event "31. Copenhagen Open Politiken Cup"]
[Site "Helsingør"]
[Date "2009.07.18"]
[Round "1.142"]
[White "Arup, Niels"]
[Black "Strand, Kjetil"]
[Result "0-1"]
[WhiteElo "1154"]
[BlackElo "2043"]
[PlyCount "86"]
[EventDate "2009.07.18"]
[EventType "swiss"]
[EventRounds "9"]
[EventCountry "DEN"]
[Source "lmi"]
[SourceDate "2009.07.18"]
[WhiteTeam "BMS"]
[BlackTeam "Asker"]

1. d4 d5 2. c4 c6 3. Nf3 Nf6 4. Nc3 dxc4 5. a4 Bf5 6. e3 e6 7. Bxc4 Bb4 8. O-O
Nbd7 9. Bd2 O-O 10. Ne4 Bxd2 11. Nxf6+ Qxf6 12. Qxd2 Rfd8 13. Qc3 a5 14. Rfd1
Nb6 15. Bb3 Nd5 16. Bxd5 cxd5 17. Rdc1 Qe7 18. h3 f6 19. Qc5 Qe8 20. Qb6 Rd7
21. Rc5 Ra6 22. Qb5 Re7 23. Qxe8+ Rxe8 24. Rc7 Rb6 25. Rc5 Rxb2 26. Rxa5 Rc8
27. Ne1 Rc4 28. Ra8+ Kf7 29. Rb8 Rcb4 30. a5 Rb1 31. Rxb1 Rxb1 32. Kh2 Rxe1 33.
Rxb7+ Kg6 34. a6 Ra1 35. a7 h5 36. Kg3 Ra2 37. h4 Be4 38. Re7 Kh6 39. Rc7 g5
40. hxg5+ fxg5 41. Re7 h4+ 42. Kg4 Bf5+ 43. Kf3 Kg6 0-1

[Event "31. Copenhagen Open Politiken Cup"]
[Site "Helsingør"]
[Date "2009.07.18"]
[Round "1.143"]
[White "Hobber, Anders"]
[Black "Aramrapala, Sherington"]
[Result "1-0"]
[WhiteElo "2042"]
[BlackElo "1148"]
[PlyCount "45"]
[EventDate "2009.07.18"]
[EventType "swiss"]
[EventRounds "9"]
[EventCountry "DEN"]
[Source "lmi"]
[SourceDate "2009.07.18"]
[WhiteTeam "Porsgrund"]
[BlackTeam "Lorenskog"]

1. d4 d5 2. Nf3 Nf6 3. e3 e6 4. Nbd2 a6 5. Bd3 c5 6. c3 Nc6 7. O-O Bd6 8. Qe2
O-O 9. dxc5 Bxc5 10. e4 dxe4 11. Nxe4 Nxe4 12. Qxe4 f5 13. Qe2 Qb6 14. b4 Bd6
15. Bc4 Re8 16. Ng5 Bd7 17. Qh5 h6 18. Qf7+ Kh8 19. Qxd7 Bxh2+ 20. Kxh2 hxg5
21. Be3 Ne5 22. Qxe8+ Rxe8 23. Bxb6 1-0

[Event "31. Copenhagen Open Politiken Cup"]
[Site "Helsingør"]
[Date "2009.07.18"]
[Round "1.144"]
[White "Kyrkjebo, Eirik"]
[Black "Pallesen, Jacob"]
[Result "0-1"]
[WhiteElo "1134"]
[BlackElo "2042"]
[PlyCount "54"]
[EventDate "2009.07.18"]
[EventType "swiss"]
[EventRounds "9"]
[EventCountry "DEN"]
[Source "lmi"]
[SourceDate "2009.07.18"]
[WhiteTeam "Stavanger"]
[BlackTeam "Taastrup"]

1. e4 c5 2. Nc3 e6 3. f4 d5 4. Nf3 Nf6 5. Bb5+ Nc6 6. Bxc6+ bxc6 7. d3 Be7 8.
O-O Qb6 9. Kh1 O-O 10. Ne5 Rd8 11. Qf3 Qc7 12. Ne2 Ba6 13. Ng3 Rab8 14. b3 Nd7
15. Nxd7 Rxd7 16. f5 Bf6 17. fxe6 fxe6 18. Bf4 Be5 19. Bxe5 Qxe5 20. Rae1 Qc7
21. Qg4 Re7 22. exd5 exd5 23. Rxe7 Qxe7 24. Nf5 Qf6 25. Qf4 Rf8 26. g4 Bc8 27.
g5 Qxf5 0-1

[Event "31. Copenhagen Open Politiken Cup"]
[Site "Helsingør"]
[Date "2009.07.18"]
[Round "1.145"]
[White "Bjorneboe, Kristian"]
[Black "Nielsen, Bjørn"]
[Result "1-0"]
[WhiteElo "2041"]
[BlackElo "1056"]
[PlyCount "79"]
[EventDate "2009.07.18"]
[EventType "swiss"]
[EventRounds "9"]
[EventCountry "DEN"]
[Source "lmi"]
[SourceDate "2009.07.18"]
[WhiteTeam "Ålsgårde"]
[BlackTeam "KS"]

1. d4 d5 2. Nf3 h6 3. e3 e6 4. Bd3 Nf6 5. Nbd2 Bd6 6. e4 Nxe4 7. Nxe4 dxe4 8.
Bxe4 O-O 9. O-O c5 10. c3 Re8 11. Qe2 Nd7 12. Rd1 Nf6 13. dxc5 Nxe4 14. cxd6
Nxd6 15. Qe5 Nc4 16. Rxd8 Rxd8 17. Qe2 b5 18. Bf4 Bb7 19. b3 Nd6 20. Bxd6 Rxd6
21. Qxb5 Rb6 22. Qe2 Ba6 23. c4 f6 24. Rd1 e5 25. h3 Re8 26. Rd7 Bb7 27. Qd1
Bc6 28. Rxa7 e4 29. Nh4 e3 30. fxe3 Rxe3 31. Qd8+ Be8 32. Qxb6 Re1+ 33. Kf2 Re5
34. Ra8 Kh7 35. Qd8 Re6 36. Qd3+ Kg8 37. Qg6 Kf8 38. Nf5 Re7 39. Rxe8+ Rxe8 40.
Qxg7# 1-0

[Event "31. Copenhagen Open Politiken Cup"]
[Site "Helsingør"]
[Date "2009.07.18"]
[Round "1.146"]
[White "Jacobsen, Caroline Beer"]
[Black "Nielsen, Lasse Simoni"]
[Result "0-1"]
[WhiteElo "1025"]
[BlackElo "2032"]
[PlyCount "88"]
[EventDate "2009.07.18"]
[EventType "swiss"]
[EventRounds "9"]
[EventCountry "DEN"]
[Source "lmi"]
[SourceDate "2009.07.18"]
[WhiteTeam "Stavanger"]
[BlackTeam "Jetsmark"]

1. e4 c5 2. Nc3 Nc6 3. f4 g6 4. Nf3 Bg7 5. Bc4 a6 6. a4 e6 7. d3 Nge7 8. O-O
O-O 9. Qe1 Nd4 10. Nxd4 Bxd4+ 11. Kh1 Bg7 12. Ne2 d5 13. Bb3 b6 14. Ng1 Qc7 15.
c3 Bb7 16. Nf3 b5 17. Qh4 f6 18. e5 Nf5 19. Qh3 Rad8 20. g4 Ne7 21. g5 f5 22.
Rg1 c4 23. Bc2 d4 24. Ra3 dxc3 25. Rxc3 Nd5 26. Ra3 Nb4 27. Rc3 Nxc2 28. Rxc2
Rxd3 29. Rg3 Rfd8 30. axb5 axb5 31. Kg1 Bf8 32. Nd2 Bc5+ 33. Kf1 Qc6 34. Rc3
Rxd2 35. Bxd2 Rxd2 36. Ke1 Rxb2 37. Qf1 Rb1+ 38. Ke2 Rxf1 39. Kxf1 Qh1+ 40. Ke2
b4 41. Rc2 Qxh2+ 42. Kd1 Qxg3 43. Rxc4 Qd3+ 44. Ke1 Bf3 0-1

[Event "31. Copenhagen Open Politiken Cup"]
[Site "Helsingør"]
[Date "2009.07.18"]
[Round "1.147"]
[White "Guttulsrud, Odd Martin"]
[Black "Botheim, Erik"]
[Result "1-0"]
[WhiteElo "2030"]
[BlackElo "1000"]
[PlyCount "45"]
[EventDate "2009.07.18"]
[EventType "swiss"]
[EventRounds "9"]
[EventCountry "DEN"]
[Source "lmi"]
[SourceDate "2009.07.18"]
[WhiteTeam "SK 1911"]
[BlackTeam "SK 1911"]

1. e4 c5 2. Nf3 d6 3. d4 cxd4 4. Nxd4 Nf6 5. Nc3 g6 6. Be3 Bg7 7. f3 O-O 8. Qd2
Nc6 9. Bc4 Bd7 10. O-O-O Rc8 11. Bb3 Ne5 12. Kb1 Nc4 13. Bxc4 Rxc4 14. g4 Qa5
15. Nb3 Qc7 16. e5 Nxg4 17. exd6 exd6 18. fxg4 Bxg4 19. Rc1 Bxc3 20. bxc3 Rxc3
21. Bd4 Rc4 22. Qg5 f5 23. Rhe1 1-0

[Event "31. Copenhagen Open Politiken Cup"]
[Site "Helsingør"]
[Date "2009.07.18"]
[Round "1.148"]
[White "Kyrkjebo, Hanna B"]
[Black "Flermoen, Peter"]
[Result "0-1"]
[WhiteElo "1000"]
[BlackElo "2027"]
[PlyCount "74"]
[EventDate "2009.07.18"]
[EventType "swiss"]
[EventRounds "9"]
[EventCountry "DEN"]
[Source "lmi"]
[SourceDate "2009.07.18"]
[WhiteTeam "Stavanger"]
[BlackTeam "Harstad"]

1. e4 c5 2. Nc3 Nc6 3. f4 d6 4. Nf3 g6 5. Bb5 Bg7 6. Bxc6+ bxc6 7. d3 e6 8. O-O
Rb8 9. Qd2 Ne7 10. b3 d5 11. e5 Nf5 12. Bb2 Bf8 13. Rab1 Ba6 14. Rfd1 h5 15.
Qf2 Qa5 16. a4 Be7 17. Ne2 O-O 18. Ng3 Nh6 19. h3 h4 20. Ne2 Nf5 21. c4 Rxb3
22. Nc3 Rfb8 23. Rdc1 Qb4 24. Nd1 dxc4 25. dxc4 Bxc4 26. Ra1 Bd5 27. Rc3 Rxb2
28. Qxb2 Qxb2 29. Nxb2 Rxb2 30. Rd3 c4 31. Rc3 Bb4 32. Rcc1 Ne3 33. Nxh4 Nxg2
34. Nxg2 Bc5+ 35. Kf1 Bxg2+ 36. Ke1 Bf2+ 37. Kd1 Bf3# 0-1

[Event "31. Copenhagen Open Politiken Cup"]
[Site "Helsingør"]
[Date "2009.07.18"]
[Round "1.149"]
[White "Andersen, Rune Egede"]
[Black "Kyrkjebo, Marte B"]
[Result "1-0"]
[WhiteElo "2026"]
[BlackElo "1000"]
[PlyCount "63"]
[EventDate "2009.07.18"]
[EventType "swiss"]
[EventRounds "9"]
[EventCountry "DEN"]
[Source "lmi"]
[SourceDate "2009.07.18"]
[WhiteTeam "Brønshøj"]
[BlackTeam "Stavanger"]

1. e4 e5 2. Nf3 Nc6 3. Bb5 Nf6 4. O-O Bc5 5. Bxc6 dxc6 6. Nxe5 Qd4 7. Nf3 Nxe4
8. Nxd4 Bxd4 9. Qe2 f5 10. d3 O-O 11. dxe4 fxe4 12. Qc4+ Kh8 13. Qxd4 Bf5 14.
Bh6 Rf7 15. Qe5 Kg8 16. Bxg7 Rxg7 17. Qxf5 Re8 18. Nc3 Rf7 19. Qg4+ Rg7 20. Qh5
Rg6 21. Rae1 Rge6 22. Nxe4 Rxe4 23. Qxe8+ Rxe8 24. Rxe8+ Kf7 25. Rfe1 Kf6 26.
f4 Kf5 27. Rf8+ Kg6 28. Re7 c5 29. g4 c4 30. h4 c3 31. h5+ Kh6 32. Rf6# 1-0

[Event "31. Copenhagen Open Politiken Cup"]
[Site "Helsingør"]
[Date "2009.07.18"]
[Round "1.150"]
[White "Moltu, Eirik Andre"]
[Black "Jensen, Morten Frank"]
[Result "0-1"]
[WhiteElo "1000"]
[BlackElo "2026"]
[PlyCount "30"]
[EventDate "2009.07.18"]
[EventType "swiss"]
[EventRounds "9"]
[EventCountry "DEN"]
[Source "lmi"]
[SourceDate "2009.07.18"]
[WhiteTeam "Sarpsborg"]
[BlackTeam "Præstø"]

1. e4 d5 2. exd5 Qxd5 3. Nf3 Nf6 4. Nc3 Qd6 5. Bc4 a6 6. a4 Bg4 7. h3 Bh5 8. g4
Bg6 9. d3 e6 10. Be3 Nc6 11. Qd2 Qd7 12. O-O-O Bb4 13. d4 Ne4 14. Qe1 Nxc3 15.
bxc3 Ba3+ 0-1

[Event "31. Copenhagen Open Politiken Cup"]
[Site "Helsingør"]
[Date "2009.07.18"]
[Round "1.151"]
[White "Bryn, Thomas"]
[Black "Moltu, Lars Christian"]
[Result "1-0"]
[WhiteElo "2024"]
[BlackElo "1000"]
[PlyCount "61"]
[EventDate "2009.07.18"]
[EventType "swiss"]
[EventRounds "9"]
[EventCountry "DEN"]
[Source "lmi"]
[SourceDate "2009.07.18"]
[WhiteTeam "Molde"]
[BlackTeam "Sarpsborg"]

1. d4 Nf6 2. c4 g6 3. g3 Bg7 4. Bg2 O-O 5. Nf3 Nc6 6. O-O d6 7. Nc3 e5 8. d5
Ne4 9. Nxe4 Bf5 10. Bg5 Qd7 11. dxc6 Qxc6 12. Nd4 Qxc4 13. Nxf5 gxf5 14. Nf6+
Bxf6 15. Bxf6 Qe6 16. Bg5 Kh8 17. Bxb7 Rab8 18. Bd5 Qg6 19. Bd2 Rxb2 20. Bb3 f4
21. Bc3 Rxb3 22. axb3 d5 23. Bxe5+ f6 24. Bxf4 Re8 25. Qxd5 Qg8 26. Qxg8+ Rxg8
27. Rxa7 c5 28. Rd1 Rb8 29. Rdd7 h5 30. Bxb8 c4 31. Rd8# 1-0

[Event "31. Copenhagen Open Politiken Cup"]
[Site "Helsingør"]
[Date "2009.07.18"]
[Round "1.152"]
[White "Thorbjørnsen, Erik"]
[Black "Krumm, Johannes"]
[Result "0-1"]
[WhiteElo "1000"]
[BlackElo "2022"]
[PlyCount "40"]
[EventDate "2009.07.18"]
[EventType "swiss"]
[EventRounds "9"]
[EventCountry "DEN"]
[Source "lmi"]
[SourceDate "2009.07.18"]
[WhiteTeam "Randaberg"]
[BlackTeam "SK Altenkirchen"]

1. e4 d5 2. e5 c5 3. g3 Nc6 4. Qe2 Nd4 5. Qd3 Bf5 6. Qc3 Nxc2+ 7. Kd1 Nxa1 8.
Na3 a6 9. Qxc5 e6 10. Qc3 Rc8 11. Qf3 Be4 12. Qh5 g6 13. Qh3 Bxh1 14. d4 Bxa3
15. bxa3 Qc7 16. Bb2 Qc2+ 17. Ke1 Qxb2 18. Ne2 Bf3 19. Qh4 Rc1+ 20. Nxc1 Qxc1#
0-1

[Event "31. Copenhagen Open Politiken Cup"]
[Site "Helsingør"]
[Date "2009.07.18"]
[Round "1.153"]
[White "Berg, Susanne"]
[Black "Torgersen, Markus"]
[Result "1-0"]
[WhiteElo "2020"]
[BlackElo "1000"]
[PlyCount "61"]
[EventDate "2009.07.18"]
[EventType "swiss"]
[EventRounds "9"]
[EventCountry "DEN"]
[Source "lmi"]
[SourceDate "2009.07.18"]
[BlackTeam "Narvik"]

1. e4 c6 2. d4 d5 3. Nd2 dxe4 4. Nxe4 Bf5 5. Ng3 Bg6 6. Nf3 Nd7 7. h4 h6 8. h5
Bh7 9. Bd3 Bxd3 10. Qxd3 Qc7 11. Bd2 Ngf6 12. O-O-O e6 13. Qe2 O-O-O 14. Ne5
Nxe5 15. dxe5 Nd7 16. f4 b5 17. Ne4 Kb8 18. Be3 a6 19. Qf2 c5 20. Nd6 Bxd6 21.
Rxd6 a5 22. Qe2 c4 23. Rhd1 a4 24. Qd2 Kc8 25. Qb4 Qb7 26. Qa5 Rhe8 27. Ra6 Nb8
28. Rxd8+ Rxd8 29. Ra7 Qc6 30. Rxf7 Rd7 31. Rf8+ 1-0